000 00803nam a2200181Ia 4500
008 100920s9999 xx 000 0 und d
082 _b76462
_a200 0
100 _a---
245 _aयोगी अ.ल. भागवत यांची अमृतवाणी भाग दुसरा.
260 _bश्रीगजानन बुक डेपो प्रकाशन, दादर, मुंबई 28.
_c0
300 _a105
_bसाधी
365 _b6
520 _aधार्मिक.
630 _aयोगी अ.ल. भागवत यांची अमृतवाणी भाग दुसरा.
650 _aधार्मिक.
730 _aयोगी अ.ल. भागवत यांची अमृतवाणी भाग दुसरा.
942 _cBOOK
999 _c717869
_d717866